[Event "Czech Open A 2013"]
[Site "Pardubice CZE"]
[Date "2013.07.26"]
[Round "8.22"]
[White "Vassallo Barroche,M"]
[Black "Stupak,K"]
[Result "0-1"]
[WhiteElo "2434"]
[BlackElo "2510"]
[EventDate "2013.07.19"]

1. d4 e6 2. Nf3 Nf6 3. e3 c5 4. c4 cxd4 5. exd4 Be7 6. Nc3 d6 7. Bd3 b6 8. O-O
O-O 9. b3 Nbd7 10. Bb2 Bb7 11. Qe2 Rc8 12. Rad1 Re8 13. Ng5 h6 14. Nge4 d5 15.
Nd2 Bb4 16. Nf3 dxc4 17. bxc4 Nd5 18. cxd5 Bxc3 19. Bxc3 Rxc3 20. dxe6 Rxe6 21.
Ne5 Nf6 22. Bc4 Bd5 23. Bxd5 Qxd5 24. Qb2 Rc8 25. Rde1 Ne4 26. Nf3 Nc3 27. Rxe6
Qxe6 28. a3 Ne2+ 29. Kh1 Nf4 30. Rc1 Rd8 31. Qd2 Nxg2 0-1

[Event "Czech Open A 2013"]
[Site "Pardubice CZE"]
[Date "2013.07.26"]
[Round "8.23"]
[White "Westerberg,J"]
[Black "Boros,De"]
[Result "1/2-1/2"]
[WhiteElo "2410"]
[BlackElo "2504"]
[EventDate "2013.07.19"]

1. e4 d5 2. exd5 Qxd5 3. Nc3 Qa5 4. d4 Nf6 5. Bc4 Bf5 6. Nf3 e6 7. Bd2 Bb4 8. a3
Bxc3 9. Bxc3 Qb6 10. Qe2 Nbd7 11. O-O-O O-O 12. Ne5 1/2-1/2

[Event "Czech Open A 2013"]
[Site "Pardubice CZE"]
[Date "2013.07.26"]
[Round "8.24"]
[White "Griffiths,R"]
[Black "Lalic,B"]
[Result "1/2-1/2"]
[WhiteElo "2372"]
[BlackElo "2489"]
[EventDate "2013.07.19"]

1. d4 Nf6 2. c4 e6 3. Nc3 Bb4 4. e3 b6 5. Ne2 Ba6 6. a3 Be7 7. Nf4 d5 8. cxd5
Bxf1 9. Kxf1 Nxd5 10. Ncxd5 exd5 11. Qh5 Bg5 12. Ne6 g6 13. Qxg5 fxe6 14. Qxd8+
Kxd8 15. h4 Nd7 1/2-1/2

[Event "Czech Open A 2013"]
[Site "Pardubice CZE"]
[Date "2013.07.26"]
[Round "8.25"]
[White "Debashis,D"]
[Black "Chos,A"]
[Result "1-0"]
[WhiteElo "2478"]
[BlackElo "2362"]
[EventDate "2013.07.19"]

1. d4 d5 2. Nf3 Nf6 3. c4 c6 4. Nc3 e6 5. Qb3 dxc4 6. Qxc4 b5 7. Qd3 b4 8. Na4
Be7 9. e4 Ba6 10. Qc2 Qa5 11. b3 Bxf1 12. Kxf1 Qb5+ 13. Kg1 Nbd7 14. Be3 Nb6 15.
Nc5 a5 16. h3 a4 17. Kh2 axb3 18. axb3 O-O 19. Ne5 Bd6 20. f4 Bxc5 21. dxc5 Nbd7
22. Nc4 Qb8 23. Nd6 Ra3 24. Qc4 Qd8 25. Rhd1 Ng4+ 26. hxg4 Qh4+ 27. Kg1 Nf6 28.
Bf2 Qxg4 29. Qxb4 Rxa1 30. Rxa1 Qxf4 31. Qe1 Qe5 32. Nc4 Qh5 33. b4 h6 34. Ra3
Rb8 35. Bg3 Rd8 36. Nd6 Kh7 37. Bf4 Rd7 38. Rh3 Qg4 39. Rh4 Qg6 40. Qg3 Ra7 41.
Qxg6+ fxg6 42. Be5 g5 43. Rh3 Ng4 44. Bb2 Nf6 45. Ra3 Rc7 46. Bxf6 gxf6 47. Ne8
Rb7 48. Rb3 Kg6 49. Nd6 Ra7 50. b5 cxb5 51. Nxb5 Ra1+ 52. Kh2 Rc1 53. Rc3 Rxc3
54. Nxc3 Kf7 55. g4 Ke7 56. Nb5 Kd7 57. Nd4 1-0

[Event "Czech Open A 2013"]
[Site "Pardubice CZE"]
[Date "2013.07.26"]
[Round "8.26"]
[White "Narayanan,Sri"]
[Black "Kislik,E"]
[Result "1-0"]
[WhiteElo "2475"]
[BlackElo "2345"]
[EventDate "2013.07.19"]

1. e4 e6 2. d4 d5 3. Nd2 Nf6 4. e5 Nfd7 5. c3 c5 6. Bd3 Nc6 7. Ngf3 Qb6 8. O-O
cxd4 9. cxd4 a5 10. a4 Nxd4 11. Nxd4 Qxd4 12. Nf3 Qb6 13. Bb5 Be7 14. Be3 Qd8
15. Qc2 O-O 16. Bd3 g6 17. Bh6 Re8 18. Bb5 f6 19. Rfe1 f5 20. Rac1 Bf8 21. Be3
h6 22. h4 b6 23. Qc6 Rb8 24. Nd4 Kf7 25. h5 gxh5 26. Nxf5 Nc5 27. Bxc5 bxc5 28.
Nd6+ Bxd6 29. exd6 Rxb5 30. axb5 c4 31. Rc3 Bd7 32. Qc5 1-0

[Event "Czech Open A 2013"]
[Site "Pardubice CZE"]
[Date "2013.07.26"]
[Round "8.27"]
[White "Valli,F"]
[Black "Richter,Mic"]
[Result "0-1"]
[WhiteElo "2237"]
[BlackElo "2470"]
[EventDate "2013.07.19"]

1. Nf3 d5 2. d4 e6 3. c4 c6 4. Nc3 Nf6 5. e3 Nbd7 6. Bd3 dxc4 7. Bxc4 b5 8. Bd3
a6 9. e4 c5 10. e5 cxd4 11. Nxb5 axb5 12. exf6 gxf6 13. O-O Qb6 14. Qe2 b4 15.
Rd1 Ra5 16. Bf4 Bd6 17. Bg3 Bxg3 18. hxg3 Ke7 19. Rac1 Rd8 20. Bxh7 Ne5 21. Nxe5
Rxe5 22. Qc2 Ba6 23. Bd3 Rc8 24. Qb3 Rxc1 25. Rxc1 Bxd3 26. Qxd3 Rc5 27. Re1 Qd6
28. a3 bxa3 29. Qxa3 Re5 30. Qa7+ Kf8 31. Rd1 Rd5 32. Qb7 d3 33. b4 Kg7 34. Qa7
Qxb4 35. Qe3 Qb3 36. Qf3 Qc4 37. g4 d2 38. Qe3 Qc2 39. Qe2 Kg6 40. f3 Qc5+ 41.
Kh2 Qd4 42. g3 Qd3 43. Qf2 Qc2 44. Qe2 Re5 0-1

[Event "Czech Open A 2013"]
[Site "Pardubice CZE"]
[Date "2013.07.26"]
[Round "8.28"]
[White "Trjapishko,A"]
[Black "Breder,D"]
[Result "1/2-1/2"]
[WhiteElo "2221"]
[BlackElo "2465"]
[EventDate "2013.07.19"]

1. e4 c5 2. Nf3 a6 3. c4 e6 4. d4 cxd4 5. Nxd4 Nf6 6. Nc3 Qc7 7. Bd3 Nc6 8. Nxc6
dxc6 9. Qe2 e5 10. O-O Be6 11. a3 Bc5 12. Na4 Bd4 13. Be3 Rd8 14. Nc5 O-O 15.
Rfd1 a5 16. Nxe6 fxe6 17. c5 Qe7 18. Rac1 Bxe3 19. fxe3 Rd7 20. b4 axb4 21. axb4
Rfd8 22. Bc2 h5 23. h3 Qe8 24. Rxd7 Rxd7 25. Rd1 Qd8 26. Rxd7 Qxd7 27. Qd3 Qxd3
28. Bxd3 Kf7 29. Kf2 g5 30. Kf3 Ke7 31. Bc2 Kd7 32. Bd3 Ke7 33. Kf2 Kd7 34. Kf3
Ne8 35. Ke2 Ke7 36. Kd2 Nf6 37. Ke1 Nd7 38. Be2 h4 39. Bc4 b6 40. cxb6 Nxb6 41.
Bb3 Nd7 42. Ke2 Kd6 43. Kf3 Nf6 44. Bc4 Ke7 45. Bb3 1/2-1/2

[Event "Czech Open A 2013"]
[Site "Pardubice CZE"]
[Date "2013.07.26"]
[Round "8.30"]
[White "Bernasek,J"]
[Black "Battey,A"]
[Result "1-0"]
[WhiteElo "2551"]
[BlackElo "2304"]
[EventDate "2013.07.19"]

1. d4 d6 2. c4 e5 3. Nf3 e4 4. Ng5 f5 5. g3 Be7 6. Nh3 c6 7. d5 Nf6 8. Nc3 O-O
9. Bg2 Na6 10. O-O Nc7 11. b3 cxd5 12. cxd5 b5 13. a3 Bb7 14. Nf4 a5 15. Qd4 b4
16. axb4 axb4 17. Rxa8 Qxa8 18. Qxb4 Ncxd5 19. Ncxd5 Nxd5 20. Qb5 Nxf4 21. Bxf4
Ba6 22. Qd7 Qe8 23. Qa7 Bxe2 24. Rc1 d5 25. Rc7 Bf6 26. Bd6 Be5 27. Bf1 Bxf1 28.
Re7 Qa8 29. Bxe5 Qxa7 30. Rxa7 Re8 31. Bd4 Be2 32. Rxg7+ Kf8 33. Rxh7 Re6 34.
Rc7 Ke8 35. Rc5 Bf3 36. Kf1 Ra6 37. Rxd5 Ra2 38. Rxf5 Rd2 39. Bc3 Rd3 40. Rc5
Rd1+ 41. Be1 Rb1 42. b4 Kf7 43. h3 Ke6 44. Rc3 Kf5 45. Re3 Kg5 46. Kg1 Kh5 47.
Kh2 Kg5 48. g4 Kf4 49. b5 Rxb5 50. Bd2 Ke5 51. Re1 Rd5 52. Be3 Rd8 53. Kg3 Rg8
54. Ra1 Ke6 55. Ra5 Rf8 56. h4 Be2 57. Bf4 Bf3 58. Re5+ Kd7 59. h5 Rg8 60. Rg5
Rxg5 61. Bxg5 Ke6 62. Bd2 Kf6 63. Kh4 Bd1 64. Bc3+ Kf7 65. Kg5 Kg8 66. Kg6 Bc2
67. Kh6 1-0

[Event "Czech Open A 2013"]
[Site "Pardubice CZE"]
[Date "2013.07.26"]
[Round "8.31"]
[White "Stocek,J"]
[Black "Pasiev,R"]
[Result "1-0"]
[WhiteElo "2576"]
[BlackElo "2384"]
[EventDate "2013.07.19"]

1. c4 Nc6 2. Nc3 e5 3. e3 g6 4. Nf3 Bg7 5. Be2 d6 6. O-O Nf6 7. Rb1 d5 8. cxd5
Nxd5 9. d3 O-O 10. Bd2 h6 11. a3 Kh7 12. Qc2 f5 13. b4 a6 14. Rfc1 Nb6 15. a4
Be6 16. a5 Nd7 17. Na4 e4 18. Ne1 Bd5 19. Nc3 Bxc3 20. Qxc3 Rc8 21. b5 axb5 22.
Rxb5 Ne7 23. Rd1 Bc6 24. Rbb1 Nf6 25. Bc1 exd3 26. Rxd3 Qe8 27. Rd4 Ned5 28. Qd3
Rd8 29. Bb2 Rd7 30. Nf3 Ne4 31. Rc1 Qe6 32. Qa3 Rfd8 33. a6 bxa6 34. Ne5 Qxe5
35. Rxc6 Qe8 36. Rxa6 Nb6 37. h4 Qe6 38. Bb5 Rd6 39. Rxb6 cxb6 40. Qa7+ 1-0

[Event "Czech Open A 2013"]
[Site "Pardubice CZE"]
[Date "2013.07.26"]
[Round "8.32"]
[White "Potapov,Alexa1"]
[Black "Lintchevski,D"]
[Result "1/2-1/2"]
[WhiteElo "2389"]
[BlackElo "2529"]
[EventDate "2013.07.19"]

1. d4 Nf6 2. c4 e6 3. Nc3 d5 4. Bg5 Be7 5. e3 O-O 6. Nf3 h6 7. Bh4 Ne4 8. Bxe7
Qxe7 9. Rc1 c6 10. Bd3 Nxc3 11. Rxc3 dxc4 12. Bxc4 Nd7 13. O-O e5 14. Qc2 exd4
15. exd4 Nb6 16. Re1 Qf6 17. Bb3 Bf5 1/2-1/2

[Event "Czech Open A 2013"]
[Site "Pardubice CZE"]
[Date "2013.07.26"]
[Round "8.33"]
[White "Cvek,R"]
[Black "Repka,C"]
[Result "1-0"]
[WhiteElo "2527"]
[BlackElo "2361"]
[EventDate "2013.07.19"]

1. d4 e6 2. c4 Nf6 3. Nf3 b6 4. g3 Bb7 5. Bg2 Be7 6. O-O O-O 7. Nc3 Ne4 8. Qc2
Nxc3 9. Qxc3 f5 10. b3 d6 11. Bb2 Bf6 12. Rad1 Nd7 13. Ne1 Bxg2 14. Nxg2 Qe7 15.
Qf3 Qf7 16. e4 fxe4 17. Qxe4 d5 18. Qc2 dxc4 19. Qxc4 c5 20. Qe2 Rad8 21. Rfe1
cxd4 22. Bxd4 Bxd4 23. Rxd4 e5 24. Rd2 Nc5 25. Red1 Rxd2 26. Rxd2 Qf5 27. Ne3
Qe4 28. Nc4 Qxe2 29. Rxe2 e4 30. Nd6 Rd8 31. Nxe4 Nxe4 32. Rxe4 Rd2 33. a4 Kf7
34. Kg2 Rb2 35. Re3 Kf6 36. g4 g5 37. Kg3 h6 38. Rf3+ Kg6 39. Rc3 Kf6 40. f3 Kg6
41. h4 Kf6 42. Rc6+ Kg7 43. Rc7+ Kf8 44. hxg5 hxg5 45. Rxa7 Rxb3 46. Rd7 Ra3 47.
Rd5 Rxa4 48. Rxg5 Ra7 49. Rb5 Rb7 50. Kf4 Kf7 51. Kf5 Ke7 1-0

[Event "Czech Open A 2013"]
[Site "Pardubice CZE"]
[Date "2013.07.26"]
[Round "8.34"]
[White "Bures,J"]
[Black "Haba,P"]
[Result "1/2-1/2"]
[WhiteElo "2379"]
[BlackElo "2522"]
[EventDate "2013.07.19"]

1. e4 e5 2. Nf3 Nc6 3. Nc3 Nf6 4. Bb5 Bb4 5. O-O O-O 6. d3 Bxc3 7. bxc3 d6 8.
Bg5 Ne7 9. Bxf6 gxf6 10. Nh4 Ng6 11. Nxg6 fxg6 12. Bc4+ Kg7 13. f4 exf4 14. Rxf4
Qe7 15. Qd2 Be6 16. Bxe6 Qxe6 1/2-1/2

[Event "Czech Open A 2013"]
[Site "Pardubice CZE"]
[Date "2013.07.26"]
[Round "8.35"]
[White "Akkozov,B"]
[Black "Galego,L"]
[Result "1-0"]
[WhiteElo "2377"]
[BlackElo "2488"]
[EventDate "2013.07.19"]

1. d4 Nf6 2. Nf3 e6 3. c4 Bb4+ 4. Nbd2 d5 5. Qa4+ Nc6 6. a3 Bxd2+ 7. Bxd2 Ne4 8.
Bf4 O-O 9. g3 Ne7 10. Qc2 c6 11. Bg2 Nf5 12. h4 f6 13. O-O Nfd6 14. Nh2 f5 15.
b3 h6 16. f3 Nf6 17. Be3 Nh5 18. Bf2 f4 19. g4 Ng3 20. Rfe1 h5 21. c5 Nf7 22. e3
hxg4 23. fxg4 e5 24. dxe5 f3 25. Bxg3 fxg2 26. Kxg2 Qe7 27. Rf1 Bd7 28. Qc3 Nh6
29. Qd4 Qe6 30. Kh3 b6 31. b4 bxc5 32. bxc5 Qg6 33. Rxf8+ Rxf8 34. Rg1 Rb8 35.
e6 1-0

[Event "Czech Open A 2013"]
[Site "Pardubice CZE"]
[Date "2013.07.26"]
[Round "8.36"]
[White "Savitskiy,S"]
[Black "Sipos,I"]
[Result "1/2-1/2"]
[WhiteElo "2351"]
[BlackElo "2471"]
[EventDate "2013.07.19"]

1. e4 e5 2. Nf3 Nc6 3. Bb5 a6 4. Ba4 Nf6 5. O-O Be7 6. Re1 b5 7. Bb3 d6 8. c3
O-O 9. d3 Bb7 10. Nbd2 Qd7 11. Nf1 Na5 12. Bc2 c5 13. Ng3 g6 14. Bh6 Rfe8 15. h3
Bf8 16. Qd2 Qe7 17. Bg5 Bg7 18. b4 cxb4 19. cxb4 Nc6 20. Bb3 Qf8 21. Rac1 Rac8
22. a3 h6 23. Be3 Red8 24. Bb6 Rd7 25. Qa2 Ra8 26. d4 exd4 27. Nxd4 Nxd4 28.
Bxd4 Re8 29. e5 Rde7 30. Red1 dxe5 31. Bc5 h5 32. Rc2 Bh6 33. Re2 Bf4 34. Nf1
Qh6 35. Bxe7 Rxe7 36. h4 g5 37. Ne3 Bxe3 38. Rxe3 gxh4 39. Rd8+ Kg7 40. Qd2 Qg6
41. f3 h3 42. Rd6 Qg3 43. Red3 Rc7 44. Bc2 h2+ 45. Kh1 Rxc2 46. Qxc2 1/2-1/2

[Event "Czech Open A 2013"]
[Site "Pardubice CZE"]
[Date "2013.07.26"]
[Round "8.37"]
[White "Dauth,B"]
[Black "Bryzgalin,K"]
[Result "0-1"]
[WhiteElo "2349"]
[BlackElo "2470"]
[EventDate "2013.07.19"]

1. e4 e5 2. Bc4 Nc6 3. Nf3 g6 4. d4 exd4 5. Nxd4 Bg7 6. c3 Nge7 7. O-O O-O 8.
Bg5 h6 9. Bh4 d6 10. Nxc6 bxc6 11. f4 d5 12. exd5 Qd6 13. dxc6 Qc5+ 14. Kh1 Nf5
15. Qd5 Qxd5 16. Bxd5 Nxh4 17. Na3 Rb8 18. Rf2 Rd8 19. Bc4 Rb6 20. Re1 Rxc6 21.
Rfe2 Kf8 22. Kg1 Bf6 23. Bb3 a6 24. Nc4 h5 25. Kf2 Bg4 26. Re4 Bf5 27. R4e3 Be6
28. Na5 Rd2+ 29. R1e2 Rxe2+ 30. Rxe2 Rc5 31. Nb7 Rb5 32. Bxe6 fxe6 33. Rxe6 Kf7 0-1

[Event "Czech Open A 2013"]
[Site "Pardubice CZE"]
[Date "2013.07.26"]
[Round "8.38"]
[White "Akesson,R"]
[Black "Konguvel,P"]
[Result "0-1"]
[WhiteElo "2469"]
[BlackElo "2319"]
[EventDate "2013.07.19"]

1. Nf3 g6 2. c4 Bg7 3. Nc3 c5 4. g3 Nc6 5. Bg2 e6 6. O-O Nge7 7. e4 O-O 8. d3 d6
9. a3 b6 10. Rb1 Bb7 11. Bf4 Qd7 12. Qd2 Rad8 13. b4 Nd4 14. Bh6 f5 15. Nxd4
cxd4 16. Ne2 e5 17. Bh3 Bxh6 18. Qxh6 Qa4 19. Qh4 Rde8 20. c5 dxc5 21. bxc5 Qc2
22. cxb6 Qxd3 23. bxa7 Bxe4 0-1

[Event "Czech Open A 2013"]
[Site "Pardubice CZE"]
[Date "2013.07.26"]
[Round "8.39"]
[White "Gutenev,A"]
[Black "Fernando,D"]
[Result "0-1"]
[WhiteElo "2350"]
[BlackElo "2465"]
[EventDate "2013.07.19"]

1. e4 c5 2. Nf3 d6 3. d4 cxd4 4. Nxd4 Nf6 5. Nc3 Nc6 6. Bg5 e6 7. Qd2 a6 8.
O-O-O Bd7 9. f4 h6 10. Bh4 Nxe4 11. Qe1 Nf6 12. Nf5 Qa5 13. Nxd6+ Bxd6 14. Rxd6
Qc7 15. Rd2 O-O-O 16. Qe3 Ne7 17. Qa7 Bc6 18. Bd3 Qb8 19. Qxb8+ Kxb8 20. Rf1 Rd4
21. Re2 Kc8 22. a3 Ned5 23. Nxd5 Nxd5 24. Bg3 Ne7 25. Be1 Rd7 26. Bc3 Nf5 27. g3
Nd4 28. Re3 Rhd8 29. Kb1 g6 30. g4 Bb5 31. Bxb5 Nxb5 32. Bg7 Rd2 33. c4 Nd6 34.
h3 h5 35. c5 Nc4 36. Re4 Rxb2+ 37. Bxb2 Nd2+ 38. Kc2 Nxe4 39. gxh5 gxh5 40. Rg1
Rd2+ 41. Kb1 Rf2 42. Be5 f6 43. Rg8+ Kd7 44. Bb8 Kc6 45. Rh8 Kxc5 46. Ba7+ b6
47. Rxh5+ f5 48. Rh6 Re2 49. Rh7 Nc3+ 50. Kc1 Kc4 51. Rb7 b5 0-1

[Event "Czech Open A 2013"]
[Site "Pardubice CZE"]
[Date "2013.07.26"]
[Round "8.40"]
[White "Zubritskiy,A"]
[Black "Potapov,P"]
[Result "0-1"]
[WhiteElo "2320"]
[BlackElo "2460"]
[EventDate "2013.07.19"]

1. d4 d5 2. c4 e5 3. dxe5 d4 4. Nf3 Nc6 5. a3 Nge7 6. b4 Ng6 7. Bb2 a5 8. b5
Ncxe5 9. Nxe5 Nxe5 10. Bxd4 Nxc4 11. e3 Be6 12. Qc2 Nd6 13. Bd3 Qg5 14. f4 Qh4+
15. g3 Qh3 16. e4 Rd8 17. f5 Bc4 18. Nc3 Be7 19. Bxc4 Nxc4 20. Nd5 Nxa3 21. Rxa3
Bxa3 22. Bxg7 Rxd5 23. exd5 Rg8 24. Qxc7 Bb4+ 25. Bc3 Bxc3+ 26. Qxc3 Kd7 27. Qf3
Re8+ 28. Kf2 Re5 29. g4 Qh6 30. Rd1 Qxh2+ 31. Kf1 Qb2 32. Qd3 Qb4 33. Qd4 Qxb5+
34. Kg1 f6 35. g5 Qb3 36. Rd3 Qc2 37. Rd2 Qxf5 38. Qb6 Qg4+ 39. Kf2 Qf4+ 40. Kg1
Re1+ 0-1

[Event "Czech Open A 2013"]
[Site "Pardubice CZE"]
[Date "2013.07.26"]
[Round "8.41"]
[White "Zorko,Ju"]
[Black "Kazakov,K"]
[Result "1-0"]
[WhiteElo "2459"]
[BlackElo "2307"]
[EventDate "2013.07.19"]

1. d4 Nf6 2. c4 e6 3. Nf3 c5 4. d5 b5 5. Bg5 bxc4 6. e4 Qb6 7. Nc3 h6 8. Bxf6
gxf6 9. Rb1 Rg8 10. g3 Ba6 11. Nd2 Bd6 12. Bxc4 Be5 13. O-O Bd4 14. Ne2 e5 15.
b4 cxb4 16. a3 Bc5 17. axb4 Bf8 18. Qa4 h5 19. b5 Bb7 20. Bd3 Bh6 21. Nc4 Qc5
22. Nc1 h4 23. Nb3 Qe7 24. Nba5 hxg3 25. Nxb7 g2 26. Ncd6+ Kf8 27. Nf5 1-0

[Event "Czech Open A 2013"]
[Site "Pardubice CZE"]
[Date "2013.07.26"]
[Round "8.43"]
[White "Vokac,M"]
[Black "Shemeakin,A"]
[Result "1-0"]
[WhiteElo "2450"]
[BlackElo "2299"]
[EventDate "2013.07.19"]

1. g3 d5 2. Bg2 Nf6 3. d3 c5 4. c4 d4 5. e3 Nc6 6. exd4 Nxd4 7. Nc3 Bg4 8. Nf3
Qd7 9. Be3 e6 10. Bxd4 cxd4 11. Ne2 Bb4+ 12. Kf1 O-O 13. a3 Be7 14. h3 Bh5 15.
Nf4 Bg6 16. Qe2 Bd6 17. Nxg6 fxg6 18. Kg1 Nh5 19. Re1 Rae8 20. Ng5 Rf5 21. h4
Qc7 22. Ne4 Re5 23. Rh3 Be7 24. f4 Rf5 25. Bf3 Nxf4 26. gxf4 Qxf4 27. Bg4 Re5
28. Rf1 Qh6 29. Qh2 Bf6 30. Rhf3 Rf5 31. Bxf5 exf5 32. Nxf6+ gxf6 33. Qf4 Qh5
34. Qxd4 Re2 35. R3f2 Re5 36. Rg2 a6 37. b4 Re2 38. Qd5+ Kh8 39. Rxe2 Qxe2 40.
Qf3 Qe5 41. Qf4 1-0

[Event "Czech Open A 2013"]
[Site "Pardubice CZE"]
[Date "2013.07.26"]
[Round "8.44"]
[White "Malakhov,I"]
[Black "Jasny,S"]
[Result "1/2-1/2"]
[WhiteElo "2442"]
[BlackElo "2290"]
[EventDate "2013.07.19"]

1. e4 c5 2. Nf3 Nc6 3. Nc3 d6 4. d4 cxd4 5. Nxd4 Nf6 6. Bc4 e6 7. Bb3 Be7 8. O-O
O-O 9. Kh1 Nxd4 10. Qxd4 b6 11. f4 Ba6 12. Rf3 d5 13. exd5 Bc5 14. Qd1 exd5 15.
Nxd5 Ng4 16. Be3 Bxe3 17. Nxe3 Qxd1+ 18. Nxd1 Be2 19. Rg3 Bxd1 20. h3 Rac8 21.
hxg4 Bxc2 22. Re1 Bxb3 23. Rxb3 Rc4 24. Rf3 Rfc8 25. Rf2 Kf8 26. g5 Rc2 27. Ree2
Rxe2 28. Rxe2 Rc6 1/2-1/2